[Event "EU-ch 13th"]
[Site "Plovdiv"]
[Date "2012.03.30"]
[Round "10"]
[White "Volokitin, Andrei"]
[Black "Zhigalko, Sergei"]
[Result "1-0"]
[WhiteElo "2695"]
[BlackElo "2649"]
[Annotator "Volokitin,Andrei"]
[PlyCount "69"]
[EventDate "2012.03.20"]
[EventType "swiss"]
[EventRounds "11"]
[EventCountry "BUL"]
[SourceTitle "CBM 148"]
[Source "ChessBase"]
[SourceDate "2012.05.16"]
[SourceVersion "1"]
[SourceVersionDate "2012.05.16"]
[SourceQuality "1"]

{Die Europameisterschaft ist ein sehr anstrengendes Turnier für jeder Spieler. Um sich für den Welt Cup zu qualifizieren, muss man mindestens +5 haben. Es ist klar, dass man jede Partie mit Weiß und mit Schwarz auf Gewinn spielen muss.} 1. e4 c5 2. Nf3 d6 3. d4 cxd4 4. Nxd4 Nf6 5. Nc3 a6 6. Be3 e5 7. Nb3 Be6 8. h3 {Ziemlich interessant. Diesen Zug hat Kamsky gegen Gelfand in Kazan 2011 gemacht. Ich habe dort Gata geholfen, also haben wir diese Variante analysiert.} Nbd7 {Es gibt sehr viele Möglichkeiten hier wie} (8... h5) (8... Be7) 9. g4 Rc8 10. Qd2 {Ein logischer Zug, gegen ...xc3.} b5 11. O-O-O {Sergei hatte schon in diesem Moment viel Zeit verbraucht, ich hatte noch ungefähr 1.35.} Be7 ({Prinzipiell war der Zug} 11... Nb6 12. g5 Nh5 {Der Springer steht hier nicht gut, beziehungsweise nach e2 wird er angegriffen.} ({Nach} 12... Nfd7 {kommt Weiß leicht in Vorteil:} 13. f4 exf4 14. Bxf4 Be7 (14... Ne5 15. Nd5 Bxd5 16. exd5 Be7 17. h4 $14) 15. Nd5 $1 Bxd5 16. exd5 O-O 17. h4 $14) (12... b4 $1 {Prinzipiell} 13. gxf6 $1 (13. Bxb6 Qxb6 14. Na4 Qc6 15. gxf6 gxf6 $1 {Schwarz hat keine Probleme}) 13... bxc3 14. bxc3 gxf6 15. Bxa6 Nc4 $1 16. Qd3 Ke7 $1 ({Nach} 16... Nxe3 17. Qxe3 Rb8 18. a4 Qb6 19. Bb5+ Ke7 20. Qxb6 Rxb6 21. c4 Bh6+ 22. Kb2 Rc8 23. c5 dxc5 24. c4 $14) 17. Nc5 $3 ({Nach} 17. Bxc8 Qxc8 {hat Schwarz sehr gute Kompensation für die Qualität}) 17... Nxe3 18. Nxe6 fxe6 19. fxe3 Rb8 20. Bc4 $14 {Ich denke, Weiß steht etwas besser hier. Der Plan ist b3, dann b2 und den a-Bauer vorzustoßen.}) 13. Kb1 Be7 14. Be2 ({Auch interessant ist} 14. Na5 $5 $14) 14... Nc4 15. Qe1 Nxe3 16. fxe3 g6 17. Bxh5 gxh5 18. Nd5 Bxg5 19. h4 Bh6 20. Na5 Kf8 21. Qb4 $14 {Weiß steht klar besser.}) 12. f4 $14 exf4 ({Nach der Rochade kann Weiß den f-Bauern vorschieben:} 12... O-O 13. f5 b4 14. Nd5 Nxe4 15. Nxe7+ Qxe7 16. Qxb4 Bxb3 17. axb3 Ndc5 18. Kb1 $1 $14 {Weiß hat das Läuferpaar und steht besser.}) (12... b4 13. Nd5 Nxe4 14. Qg2 $1 {Eben so !} ({Nach} 14. Qxb4 Bxd5 15. Rxd5 Ng3 16. Rg1 Qc7 17. c3 Qc6 {ist kein Problem für Schwarz}) 14... Bxd5 15. Rxd5 exf4 16. Bxf4 {Und hier steht Weiß in allen Varianten besser} Ndc5 (16... Nec5 17. Bxd6 $1 Bxd6 (17... Nxb3+ 18. axb3 Nb6 (18... Nf6 19. Bxe7 Qxe7 (19... Qxd5 20. Bxb4 $14) 20. Rd1 O-O 21. Kb1 $14) 19. Rd3 $1 Bxd6 20. Qd2 $16)) 17. Bxa6 Nxa6 18. Qxe4 $14) 13. Bxf4 Nc5 ({Normalerweise spielt Schwarz in solchen Stellungen} 13... Ne5 14. Kb1 O-O (14... h6 15. Nd4 b4 16. Nxe6 fxe6 17. Na4 O-O 18. Bxe5 dxe5 19. Bd3 $14) 15. g5 Nfd7 (15... Nh5 $2 16. Bxe5 dxe5 17. Qe2 Ng3 (17... Qc7 18. Qxh5 b4 19. Nd5 Qxc2+ 20. Ka1 $18) 18. Rxd8 Rfxd8 19. Qf3 Nxh1 20. Qxh1) 16. Nd5 Bxd5 17. exd5 Nb6 18. h4 $14) 14. Qe3 {Es war viel stärker hier, einfach auf c5 zu nehmen} (14. Nxc5 $1 dxc5 ({Nach} 14... Rxc5 15. Bxd6 Qxd6 (15... b4 16. Na4 Nxe4 17. Qxb4 Bxd6 18. Qxe4 Rc7 19. Bxa6 O-O 20. Kb1 {Weiß steht besser}) 16. Qxd6 Bxd6 17. Rxd6 $16 {Weiß hat ein besseres Endspiel}) 15. Nd5 $1 {Sehr stark. Ich habe diesen Zug nicht gesehen.} ({Auch nach} 15. Qe3 Qa5 16. g5 Nd7 17. Kb1 O-O 18. Nd5 $14 {steht Weiß etwas besser}) 15... Bxd5 ({Die Hauptidee ist} 15... Nxe4 16. Qe3 Bxd5 17. Bg2 Bf6 18. Bxe4 Bd4 19. Qf3 Bxe4 20. Qxe4+ Qe7 21. Rhe1 Qxe4 22. Rxe4+ Kf8 23. c3 $1 Bf2 24. g5 Kg8 25. Bd6 $18 {Schwarz hat große Probleme mit dem Läufer und König.}) 16. exd5 Ne4 17. Qh2 Nd6 18. h4 O-O 19. g5 $16 {Das ist klar besser für Weiß.}) 14... Nxb3+ {Eine Ungenauigkeit. Es war besser die Spannung zu halten:} (14... O-O $1 15. Kb1 Re8 $1 16. Bg2 b4 17. Nxc5 Rxc5 18. Nd5 Nxd5 19. exd5 Bd7 {und Schwarz hat ganz normales Spiel.}) 15. axb3 Qc7 16. Rh2 O-O 17. Kb1 $14 {Diese Z[ge sind logisch. Wei- steht etwas besser.} Rfe8 {Dieser Zug ist sinnlos, Schwarz muss sowieso den Turm auf der d-Linie halten.} (17... Rfd8 18. Rhd2 h6 19. b4 $14) 18. Rhd2 h6 $1 {Ein nützlicher Zug.} 19. b4 $1 {Der Zug sieht sehr logisch aus. Andere Möglichkeiten sind:} (19. e5 dxe5 20. Bxe5 Qc5 21. Bd4 Qg5 $1 22. Qxg5 hxg5 23. Bg2 b4 24. Na4 Nd5 25. Nb6 Nxb6 26. Bxb6 $14 {Das ist etwas besser für Weiß, aber ist es nicht leicht zu gewinnen.}) (19. Rd4 Nd7 20. Bxd6 Bxd6 21. Rxd6 b4 22. Bxa6 bxc3 23. Bxc8 Rxc8 24. Qxc3 Nc5 25. b4 Nxe4 26. Qxc7 Rxc7 $14 {Schwarz hat gute Figuren und Gegenspiel.}) 19... Red8 (19... Bc4 20. Bxc4 Qxc4 21. Rd4 Qe6 22. Bxd6 Bd8 23. Bc5 Bc7 24. Nd5 Nxd5 25. Rxd5 Qxe4 26. Qxe4 Rxe4 27. Rd7 $14) {Ein kritischer Moment, hier habe ich lange nachgedacht.} 20. e5 $2 {Zu hastig. Mein Gegner hatte in diesem Moment schon wenig Zeit, am besten ist es in solchen Fällen ruhige Züge zu machen.} (20. Be2 $1 Qb7 21. Rd4 $1 Qb6 22. Qd2 Ne8 23. g5 hxg5 24. Bxg5 {und Weiß hat klaren Vorteil.}) 20... dxe5 $1 {Stärker als} (20... Ne8 21. Bg2 $1 dxe5 22. Bxe5 Bd6 23. Bxd6 Rxd6 24. Nd5 Bxd5 25. Bxd5 $14) 21. Bxe5 Qc6 22. Bg2 Qe8 ({Aber nicht} 22... Qc4 $4 23. Rd4 $18) 23. Bb7 Rxd2 24. Rxd2 Rc4 $2 {Ein Fehler. Der Turm steht schlecht hier.} ({Richtig war} 24... Rd8 $1 {und nach} 25. Bxa6 Rxd2 26. Qxd2 Bxb4 27. Bxf6 gxf6 28. Bxb5 Bxc3 29. Qd3 Qb8 30. bxc3 {kann nur Weiß auf Seig spielen, aber Schwarz müsste das Remis halten können.}) 25. b3 $1 Rxb4 26. Na2 $2 {Spiel auf Zeit. Ich musste die schwarze taktische Idee vermeiden.} (26. Qe2 $1 {Jetzt Schwarz hat keine Idee ...xg4 und ...g5.} a5 (26... Nd7 27. Bc6 Bg5 28. Bd6 $1 Bxd2 29. Qxd2 a5 30. Na2 $1 f5 31. Nxb4 axb4 32. gxf5 Bxf5 33. Bxb4 $16) 27. Na2 a4 28. Nxb4 Bxb4 29. Rd3 axb3 30. cxb3 $16) 26... Bc8 $4 {Die Nerven.} ({Der einzige Zug war} 26... Nxg4 $1 27. hxg4 Bg5 28. Qc5 Rxb3+ $1 29. cxb3 Bxd2 30. Kb2 Bxg4 31. Bxa6 Bd7 {Schwarz hat Gegenspiel. Die Partie muss remis enden.}) 27. Bxf6 $1 $18 {Jetzt ist die Partie vorbei.} (27. Bxc8 $4 Re4) 27... Bxb7 28. Nxb4 $1 gxf6 29. Re2 Kf8 30. Qxh6+ Kg8 31. Qd2 {Am einfachsten.} Kf8 32. Nd5 Bxd5 33. Qxd5 Qc8 34. Qe4 Ba3 (34... Qd7 35. Qxe7+ $1 Qxe7 36. Rxe7 Kxe7 37. c4 bxc4 38. bxc4 Ke6 39. h4 $18) 35. Qh7 1-0

[Event "EU-ch 13th"]
[Site "Plovdiv"]
[Date "2012.03.31"]
[Round "11"]
[White "Zhigalko, Sergei"]
[Black "Kuzubov, Yuriy"]
[Result "1/2-1/2"]
[WhiteElo "2649"]
[BlackElo "2615"]
[PlyCount "137"]
[EventDate "2012.03.20"]
[EventType "swiss"]
[EventRounds "11"]
[EventCountry "BUL"]
[SourceTitle "CBM 148"]
[Source "ChessBase"]
[SourceDate "2012.05.16"]
[SourceVersion "1"]
[SourceVersionDate "2012.05.16"]
[SourceQuality "1"]

1. e4 e6 2. d4 d5 3. Nc3 Nf6 4. e5 Nfd7 5. f4 c5 6. Nf3 Nc6 7. Be3 Qb6 8. Na4 Qa5+ 9. c3 c4 10. b4 Qc7 11. g3 Be7 12. Bh3 O-O 13. O-O b5 14. Nc5 Nxc5 15. dxc5 a5 16. a3 Bd7 17. Nd4 Qb7 18. Nxc6 Bxc6 19. Qd2 axb4 20. axb4 Rxa1 21. Rxa1 Ra8 22. Rf1 g6 23. g4 Qb8 24. Qf2 Ra3 25. f5 Qe8 26. Qb2 Qa8 27. fxe6 fxe6 28. g5 Ra2 29. Qc1 d4 30. Bxd4 Qd8 31. Bxe6+ Kh8 32. Rf7 Bxg5 33. Qf1 Qxd4+ 34. cxd4 Be3+ 35. Rf2 Bxd4 36. Qd1 Bxf2+ 37. Kf1 Bh4 38. Bd5 Rf2+ 39. Kg1 c3 40. Bxc6 c2 41. Qa1 Rd2 42. Bf3 Bf2+ 43. Kh1 Bd4 44. Qe1 Rd1 45. Bxd1 c1=Q 46. e6 Qg5 47. Bf3 Qf4 48. Kg2 Be5 49. Qg3 Qf6 50. Qg4 Kg7 51. Qe4 Qxe6 52. Qb7+ Kf6 53. Qxb5 Qa2+ 54. Qe2 Qxe2+ 55. Bxe2 Bc3 56. c6 Ke7 57. b5 Kd6 58. Bd3 Kc7 59. Kf3 Bd4 60. Kf4 h6 61. Bxg6 Bb6 62. Bd3 Bc5 63. Kf5 Bb6 64. Kg6 Be3 65. h4 Kb6 66. h5 Kc7 67. Be4 Kb6 68. c7 Kxc7 69. Bf5 1/2-1/2

[Event "Nakhchivan op"]
[Site "Nakhchivan"]
[Date "2012.04.28"]
[Round "1"]
[White "Zhigalko, Sergei"]
[Black "Mammadova, Gulnar Marfat Qizi"]
[Result "1-0"]
[WhiteElo "2649"]
[BlackElo "2324"]
[PlyCount "83"]
[EventDate "2012.04.28"]
[EventType "swiss"]
[EventRounds "9"]
[EventCountry "AZE"]
[SourceTitle "CBM 148 Extra"]
[Source "ChessBase"]
[SourceDate "2012.06.22"]
[SourceVersion "1"]
[SourceVersionDate "2012.06.22"]
[SourceQuality "1"]

1. e4 e6 2. d4 d5 3. Nc3 Bb4 4. e5 c5 5. a3 Ba5 6. b4 cxd4 7. Qg4 Ne7 8. bxa5 dxc3 9. Qxg7 Rg8 10. Qxh7 Nbc6 11. Nf3 Qc7 12. Bf4 Bd7 13. a6 b6 14. Bd3 O-O-O 15. Bg3 Rdf8 16. O-O Na5 17. Qh4 Qc5 18. Rfb1 Rg7 19. Bf4 Ng6 20. Qg3 Rh8 21. Bg5 Rgg8 22. Bf6 Rh6 23. Rb4 Nc6 24. Rg4 Nce7 25. Nd4 Re8 26. h4 Rh5 27. Nb3 Qc7 28. Rg5 Rxg5 29. Qxg5 Nf5 30. Bxf5 exf5 31. Re1 Nxe5 32. Nd4 Qd6 33. f3 Kc7 34. h5 Ng4 35. Rxe8 Qh2+ 36. Kf1 Qh1+ 37. Ke2 Bxe8 38. Qf4+ Kc8 39. fxg4 Qxg2+ 40. Qf2 Qxg4+ 41. Qf3 Qg1 42. Qxc3+ 1-0

[Event "Nakhchivan op"]
[Site "Nakhchivan"]
[Date "2012.04.29"]
[Round "2"]
[White "Durarbayli, Vasif"]
[Black "Zhigalko, Sergei"]
[Result "0-1"]
[WhiteElo "2543"]
[BlackElo "2649"]
[PlyCount "73"]
[EventDate "2012.04.28"]
[EventType "swiss"]
[EventRounds "9"]
[EventCountry "AZE"]
[SourceTitle "CBM 148 Extra"]
[Source "ChessBase"]
[SourceDate "2012.06.22"]
[SourceVersion "1"]
[SourceVersionDate "2012.06.22"]
[SourceQuality "1"]

1. Nf3 d5 2. d4 c6 3. c4 e6 4. Qb3 Nf6 5. g3 Be7 6. Bg2 O-O 7. O-O b6 8. Bf4 Ba6 9. Nbd2 Nbd7 10. Rfe1 Nh5 11. Be3 h6 12. Ne5 Nxe5 13. dxe5 d4 14. Bf4 g5 15. Bxc6 Rb8 16. Qa4 Bb7 17. e3 gxf4 18. exf4 Bxc6 19. Qxc6 Bb4 20. Red1 Bxd2 21. Rxd2 Ng7 22. Rad1 Rc8 23. Qa4 Nf5 24. Qxa7 Rxc4 25. Qa3 Qd5 26. Qd3 Rfc8 27. a3 Rc1 28. h3 R8c4 29. Kh2 Qc6 30. g4 Nh4 31. Kg3 Ng6 32. Qf3 Rxd1 33. Rxd1 Qc5 34. Rd3 Rc1 35. h4 Rg1+ 36. Kh2 Qc1 37. Qa8+ 0-1

[Event "Nakhchivan op"]
[Site "Nakhchivan"]
[Date "2012.04.30"]
[Round "3"]
[White "Zhigalko, Sergei"]
[Black "Aleksandrov, Aleksej"]
[Result "1/2-1/2"]
[WhiteElo "2649"]
[BlackElo "2604"]
[PlyCount "63"]
[EventDate "2012.04.28"]
[EventType "swiss"]
[EventRounds "9"]
[EventCountry "AZE"]
[SourceTitle "CBM 148 Extra"]
[Source "ChessBase"]
[SourceDate "2012.06.22"]
[SourceVersion "1"]
[SourceVersionDate "2012.06.22"]
[SourceQuality "1"]

1. c4 e6 2. Nc3 Nf6 3. e4 d5 4. e5 d4 5. exf6 dxc3 6. bxc3 Qxf6 7. Nf3 Nc6 8. Bd3 g5 9. Rb1 Bd6 10. Be4 g4 11. Nd4 Qe5 12. Qe2 Nd8 13. c5 Bxc5 14. Nb5 Bb6 15. d4 Qh5 16. Bf4 f5 17. Bxc7 O-O 18. Bd3 Bd7 19. Bd6 Rf6 20. Be5 Rg6 21. Nd6 Bc6 22. O-O Bc7 23. Qe3 Bxd6 24. Bxd6 Nf7 25. Bf4 Ng5 26. Rfe1 Re8 27. c4 h6 28. Bg3 Rg7 29. Qe5 Rf7 30. Re3 Qg6 31. Rbe1 Be4 32. Bxe4 1/2-1/2

[Event "Nakhchivan op"]
[Site "Nakhchivan"]
[Date "2012.05.02"]
[Round "5"]
[White "Zhigalko, Sergei"]
[Black "Rasulov, Vugar Ural Oglu"]
[Result "1-0"]
[WhiteElo "2649"]
[BlackElo "2526"]
[PlyCount "119"]
[EventDate "2012.04.28"]
[EventType "swiss"]
[EventRounds "9"]
[EventCountry "AZE"]
[SourceTitle "CBM 148 Extra"]
[Source "ChessBase"]
[SourceDate "2012.06.22"]
[SourceVersion "1"]
[SourceVersionDate "2012.06.22"]
[SourceQuality "1"]

1. e4 c5 2. Nf3 d6 3. d4 cxd4 4. Nxd4 Nf6 5. Nc3 g6 6. Be3 Bg7 7. f3 O-O 8. Qd2 Nc6 9. Bc4 Bd7 10. O-O-O Rb8 11. Bb3 Na5 12. Bh6 Bxh6 13. Qxh6 b5 14. Kb1 e5 15. Nde2 Nxb3 16. axb3 b4 17. Na2 Rb6 18. h4 Ne8 19. Qd2 a5 20. h5 g5 21. h6 Kh8 22. g3 Qe7 23. Qe3 Rb5 24. Nac1 Rg8 25. c4 Rb7 26. g4 Be6 27. Rd2 f6 28. Ng3 Qc7 29. Nf5 Rf8 30. Rhd1 Rb6 31. Rd3 a4 32. bxa4 Bxc4 33. R3d2 b3 34. Qc3 Ra6 35. Nxb3 Rxa4 36. Nc1 Qb8 37. Nxd6 Nxd6 38. Rxd6 Bg8 39. Rc6 Qa8 40. Rdd6 Ra1+ 41. Kc2 Qa7 42. Qc5 Qa4+ 43. Kd2 Rb1 44. Qa3 Qb5 45. Nd3 Rh1 46. Rxf6 Rd8 47. Rfd6 Rf8 48. Rf6 Rd8 49. Rfd6 Rf8 50. Ke3 Rf1 51. Rf6 Rd8 52. Rcd6 Rb8 53. Qc3 Rd1 54. Nxe5 Re1+ 55. Qxe1 Qc5+ 56. Rd4 Qxe5 57. Rf5 Qc7 58. b4 Ra8 59. Rd3 Qb6+ 60. Rc5 1-0

[Event "Nakhchivan op"]
[Site "Nakhchivan"]
[Date "2012.05.03"]
[Round "6"]
[White "Zhigalko, Sergei"]
[Black "Safarli, Eltaj"]
[Result "1/2-1/2"]
[WhiteElo "2649"]
[BlackElo "2645"]
[PlyCount "65"]
[EventDate "2012.04.28"]
[EventType "swiss"]
[EventRounds "9"]
[EventCountry "AZE"]
[SourceTitle "CBM 148 Extra"]
[Source "ChessBase"]
[SourceDate "2012.06.22"]
[SourceVersion "1"]
[SourceVersionDate "2012.06.22"]
[SourceQuality "1"]

1. e4 c5 2. Nf3 d6 3. d4 cxd4 4. Nxd4 Nf6 5. Nc3 a6 6. Bg5 e6 7. f4 Be7 8. Qf3 h6 9. Bh4 g5 10. fxg5 Nfd7 11. Nxe6 fxe6 12. Qh5+ Kf8 13. Bb5 Rh7 14. O-O+ Kg8 15. g6 Rg7 16. Rf7 Bxh4 17. Qxh6 Rxf7 18. gxf7+ Kxf7 19. Rf1+ Bf6 20. Qh7+ Ke8 21. Qg6+ Kf8 22. e5 dxe5 23. Ne4 Qb6+ 24. Kh1 axb5 25. Nxf6 Ke7 26. Qh7+ Kd8 27. Qg8+ Kc7 28. Ne8+ Kd8 29. Nd6+ Kc7 30. Ne8+ Kd8 31. Ng7+ Kc7 32. Ne8+ Kd8 33. Nd6+ 1/2-1/2

[Event "Nakhchivan op"]
[Site "Nakhchivan"]
[Date "2012.05.05"]
[Round "8"]
[White "Zhigalko, Sergei"]
[Black "Grachev, Boris V"]
[Result "1-0"]
[WhiteElo "2649"]
[BlackElo "2705"]
[PlyCount "99"]
[EventDate "2012.04.28"]
[EventType "swiss"]
[EventRounds "9"]
[EventCountry "AZE"]
[SourceTitle "CBM 148 Extra"]
[Source "ChessBase"]
[SourceDate "2012.06.22"]
[SourceVersion "1"]
[SourceVersionDate "2012.06.22"]
[SourceQuality "1"]

1. d4 d5 2. c4 e6 3. Nc3 Be7 4. Bf4 Nf6 5. e3 O-O 6. Qc2 c6 7. Nf3 Nbd7 8. h3 a6 9. Rd1 b6 10. Bd3 Bb7 11. O-O c5 12. cxd5 exd5 13. dxc5 bxc5 14. e4 d4 15. Na4 h6 16. Nd2 Bc6 17. Bh2 Bxa4 18. Qxa4 Nb6 19. Qc2 Nfd7 20. a3 a5 21. e5 Rc8 22. Ba6 Rc6 23. Bb5 Re6 24. Rfe1 Qa8 25. Bd3 a4 26. f4 Bh4 27. Re2 Nd5 28. Nf3 Qd8 29. Bc4 N5b6 30. Bxe6 fxe6 31. Qg6 Re8 32. Nxh4 Nf8 33. Qg3 c4 34. Nf3 d3 35. Red2 Nfd7 36. Qf2 Qc7 37. Kh1 Nc5 38. Bg1 Nbd7 39. Rc1 Ne4 40. Qe1 Nxd2 41. Nxd2 Nb6 42. Bxb6 Qxb6 43. Nxc4 Qd4 44. Qe3 Qd5 45. Nd2 Rd8 46. Qb6 Rf8 47. Rc4 Rd8 48. Rxa4 Kh7 49. Rc4 Rd7 50. Qc6 1-0

[Event "Olympiad-40"]
[Site "Istanbul"]
[Date "2012.08.28"]
[Round "1.1"]
[White "Zhigalko, Sergei"]
[Black "Baules Rodriguez, Jorge Luis"]
[Result "1-0"]
[WhiteElo "2667"]
[BlackElo "2352"]
[PlyCount "59"]
[EventDate "2012.08.28"]
[EventType "team-swiss"]
[EventRounds "11"]
[EventCountry "TUR"]
[SourceTitle "CBM 151"]
[Source "ChessBase"]
[SourceDate "2012.11.13"]
[SourceVersion "1"]
[SourceVersionDate "2012.11.13"]
[SourceQuality "1"]
[WhiteTeam "Belarus"]
[BlackTeam "Panama"]
[WhiteTeamCountry "BLR"]
[BlackTeamCountry "PAN"]

1. e4 c5 2. Nf3 Nc6 3. Bb5 g6 4. Bxc6 dxc6 5. d3 Bg7 6. h3 Nf6 7. Nc3 O-O 8. Bf4 Re8 9. Qd2 Nd7 10. e5 Nf8 11. Bh6 Ne6 12. h4 Bh8 13. h5 Nd4 14. hxg6 hxg6 15. Bf4 Bg7 16. Ng5 Bf5 17. O-O-O Qa5 18. f3 b5 19. Kb1 c4 20. g4 cxd3 21. cxd3 b4 22. Nce4 Be6 23. Nxe6 Nxe6 24. Be3 Qxe5 25. f4 Qd5 26. f5 Nd4 27. Qh2 Qe5 28. Bf4 Qd5 29. Qh7+ Kf8 30. Bh6 1-0

[Event "Olympiad-40"]
[Site "Istanbul"]
[Date "2012.08.30"]
[Round "3.1"]
[White "Zhigalko, Sergei"]
[Black "Mollah Abdullah, Al Rakib"]
[Result "1-0"]
[WhiteElo "2667"]
[BlackElo "2514"]
[PlyCount "81"]
[EventDate "2012.08.28"]
[EventType "team-swiss"]
[EventRounds "11"]
[EventCountry "TUR"]
[SourceTitle "CBM 151"]
[Source "ChessBase"]
[SourceDate "2012.11.13"]
[SourceVersion "1"]
[SourceVersionDate "2012.11.13"]
[SourceQuality "1"]
[WhiteTeam "Belarus"]
[BlackTeam "Bangladesh"]
[WhiteTeamCountry "BLR"]
[BlackTeamCountry "BAN"]

1. e4 e5 2. Nf3 Nc6 3. Bc4 d6 4. c3 g6 5. d4 Qe7 6. O-O Bg7 7. Re1 Nf6 8. b4 Nd7 9. Bg5 f6 10. Be3 Nd8 11. a4 Nf7 12. b5 O-O 13. a5 Kh8 14. Nbd2 f5 15. exf5 gxf5 16. Bf4 e4 17. Nf1 Qf6 18. Bxf7 Qxf7 19. Ng5 Qg6 20. Ne3 Nf6 21. g3 Nh5 22. Nh3 Bd7 23. Qe2 Qf7 24. Red1 Rae8 25. c4 Rg8 26. Ra3 Bf6 27. Kh1 Bd8 28. c5 Nxf4 29. Nxf4 Bg5 30. Neg2 Re7 31. Rc3 Qe8 32. Nd5 Bxb5 33. Qb2 Reg7 34. cxd6 Bc6 35. Nxc7 Qh5 36. Rb1 e3 37. d5 Bf6 38. dxc6 exf2 39. cxb7 Bxc3 40. Qxf2 Rb8 41. Qxa7 1-0

[Event "Olympiad-40"]
[Site "Istanbul"]
[Date "2012.09.01"]
[Round "5.1"]
[White "Purnama, Tirta Chandra"]
[Black "Zhigalko, Sergei"]
[Result "0-1"]
[WhiteElo "2384"]
[BlackElo "2667"]
[PlyCount "126"]
[EventDate "2012.08.28"]
[EventType "team-swiss"]
[EventRounds "11"]
[EventCountry "TUR"]
[SourceTitle "CBM 151"]
[Source "ChessBase"]
[SourceDate "2012.11.13"]
[SourceVersion "1"]
[SourceVersionDate "2012.11.13"]
[SourceQuality "1"]
[WhiteTeam "Indonesia"]
[BlackTeam "Belarus"]
[WhiteTeamCountry "INA"]
[BlackTeamCountry "BLR"]

1. d4 Nf6 2. c4 e6 3. Nf3 b6 4. g3 Ba6 5. Qa4 Bb7 6. Bg2 c5 7. dxc5 bxc5 8. O-O Be7 9. Nc3 O-O 10. Rd1 Qb6 11. Bf4 Rd8 12. Qb5 d6 13. Qxb6 axb6 14. Nb5 Ne8 15. h4 h6 16. Rd2 Nc6 17. Ne1 g5 18. hxg5 hxg5 19. Be3 Na5 20. Bxb7 Nxb7 21. Nf3 f6 22. b3 d5 23. cxd5 exd5 24. Rdd1 Kf7 25. Kg2 Kg6 26. Rh1 Nbd6 27. Nc3 Nc7 28. Bd2 d4 29. Na4 Nd5 30. Nb2 b5 31. Be1 g4 32. Nh4+ Kf7 33. Nd3 c4 34. bxc4 bxc4 35. Nb4 Nb5 36. Nc6 Rdc8 37. Nxe7 Nxe7 38. Rb1 Rcb8 39. Bb4 Nc6 40. Nf5 c3 41. Bc5 Ke6 42. Ng7+ Kd5 43. Rh5+ Kc4 44. Ne6 c2 45. Rc1 Rxa2 46. Bd6 Rb6 47. Rc5+ Kb3 48. Bf4 Nca7 49. Ng7 Nc3 50. Kf1 Nab5 51. Nf5 Rb2 52. Ke1 Rb1 53. Bd2 Kb2 54. Nxd4 Rxc1+ 55. Bxc1+ Kxc1 56. Nxc2 Kxc2 57. f3 gxf3 58. exf3 Nd4 59. Kf2 Kd3 60. g4 Rb2+ 61. Kg3 Nce2+ 62. Kg2 Ke3 63. g5 Nf4+ 0-1

[Event "Olympiad-40"]
[Site "Istanbul"]
[Date "2012.09.04"]
[Round "7.1"]
[White "Sambuev, Bator"]
[Black "Zhigalko, Sergei"]
[Result "0-1"]
[WhiteElo "2523"]
[BlackElo "2667"]
[PlyCount "78"]
[EventDate "2012.08.28"]
[EventType "team-swiss"]
[EventRounds "11"]
[EventCountry "TUR"]
[SourceTitle "CBM 151"]
[Source "ChessBase"]
[SourceDate "2012.11.13"]
[SourceVersion "1"]
[SourceVersionDate "2012.11.13"]
[SourceQuality "1"]
[WhiteTeam "Canada"]
[BlackTeam "Belarus"]
[WhiteTeamCountry "CAN"]
[BlackTeamCountry "BLR"]

1. d4 Nf6 2. Nf3 e6 3. e3 Be7 4. Bd3 d5 5. O-O O-O 6. b3 b6 7. Bb2 Bb7 8. c4 c5 9. Nc3 Nbd7 10. Qe2 Rc8 11. Rfd1 cxd4 12. exd4 Qc7 13. Nb5 Qb8 14. Ne5 Rfd8 15. f4 Nf8 16. f5 a6 17. Na3 Re8 18. Rf1 exf5 19. Bxf5 Rc7 20. cxd5 Nxd5 21. Nac4 b5 22. Na5 Ba8 23. Qf3 Bf6 24. Kh1 Qb6 25. Be4 Qxa5 26. Bxd5 Bxd5 27. Qxd5 Qd2 28. Rac1 Rxe5 29. dxe5 Qxd5 30. Rxc7 Bd8 31. Rcc1 Ne6 32. Rfd1 Qb7 33. h3 h5 34. Rc2 Bg5 35. Rf1 Bf4 36. Re2 Qd5 37. Ref2 Qe4 38. Bc3 b4 39. Be1 Bg3 0-1

[Event "Baku op"]
[Site "Baku"]
[Date "2012.09.22"]
[Round "1"]
[White "Alakhverdiev, Araz"]
[Black "Zhigalko, Sergei"]
[Result "1/2-1/2"]
[WhiteElo "2353"]
[BlackElo "2667"]
[PlyCount "82"]
[EventDate "2012.09.22"]
[EventType "swiss"]
[EventRounds "9"]
[EventCountry "AZE"]
[SourceTitle "CBM 150 Extra"]
[Source "ChessBase"]
[SourceDate "2012.10.19"]
[SourceVersion "1"]
[SourceVersionDate "2012.10.19"]
[SourceQuality "1"]

1. Nf3 Nf6 2. c4 e6 3. Nc3 Bb4 4. Qc2 O-O 5. a3 Bxc3 6. Qxc3 d6 7. d3 e5 8. Bg5 h6 9. Bxf6 Qxf6 10. g3 Nc6 11. Bg2 Bg4 12. h3 Bh5 13. g4 Bg6 14. Nd2 Rab8 15. Ne4 Qh4 16. Ng3 f5 17. Bxc6 bxc6 18. gxf5 Bxf5 19. O-O-O Qf4+ 20. Qd2 Qxf2 21. Rhg1 Bg6 22. Rdf1 Qd4 23. e4 Rxf1+ 24. Rxf1 Rb3 25. Rf3 Rb8 26. Rf1 Rb3 27. Rf3 Qg1+ 28. Kc2 Qb6 29. Kc1 d5 30. Nf5 dxe4 31. Ne7+ Kh7 32. Qg2 Bh5 33. Rg3 g6 34. Rxg6 Qe3+ 35. Kb1 Qxd3+ 36. Ka2 Rxa3+ 37. bxa3 Qxc4+ 38. Ka1 Qc3+ 39. Ka2 Qc4+ 40. Ka1 Qc3+ 41. Ka2 Qc4+ 1/2-1/2

[Event "Baku op"]
[Site "Baku"]
[Date "2012.09.23"]
[Round "2"]
[White "Zhigalko, Sergei"]
[Black "Rzayev, Bahruz Iqbal Oglu"]
[Result "1-0"]
[WhiteElo "2667"]
[BlackElo "2370"]
[PlyCount "95"]
[EventDate "2012.09.22"]
[EventType "swiss"]
[EventRounds "9"]
[EventCountry "AZE"]
[SourceTitle "CBM 150 Extra"]
[Source "ChessBase"]
[SourceDate "2012.10.19"]
[SourceVersion "1"]
[SourceVersionDate "2012.10.19"]
[SourceQuality "1"]

1. e4 e5 2. Nf3 Nc6 3. Bb5 a6 4. Ba4 Nf6 5. O-O Be7 6. Re1 b5 7. Bb3 d6 8. c3 O-O 9. h3 Nb8 10. d4 Nbd7 11. c4 c5 12. dxe5 Nxe5 13. Nxe5 dxe5 14. Nc3 Qxd1 15. Rxd1 b4 16. Nd5 Nxd5 17. cxd5 Bd6 18. Be3 Bd7 19. Rdc1 Rfc8 20. a3 bxa3 21. bxa3 Bb5 22. Bc4 Rab8 23. Kf1 Kf8 24. Ra2 Ke7 25. Rac2 Kd7 26. Ke2 Bxc4+ 27. Rxc4 Rb3 28. a4 Rb4 29. Kd3 a5 30. Bd2 Rb3+ 31. R1c3 Rb2 32. Rc2 Rb3+ 33. Ke2 Ra8 34. Bc3 g6 35. Rb2 Rxb2+ 36. Bxb2 Kc7 37. Ba3 Kb6 38. Rc3 f5 39. f3 Rf8 40. Rb3+ Ka6 41. Rb5 Rc8 42. Kd2 h5 43. Kc3 fxe4 44. fxe4 g5 45. Kc4 g4 46. hxg4 hxg4 47. Bxc5 Bc7 48. d6 1-0